| 000 | 00639nam a2200241 4500 | ||
|---|---|---|---|
| 001 | 12268 | ||
| 003 | ES-MaACL | ||
| 005 | 20230906150257.0 | ||
| 007 | t| | ||
| 008 | 000000s1978 sp ||||0| gao | ||
| 016 | 7 | _z05411201 | |
| 020 | _a84-85134-97-4 | ||
| 040 |
_aIBH _bspa _cM-BN-DP |
||
| 080 | _a869.9-31"19" | ||
| 100 | 1 |
_aDurán, Carlos. _946172 |
|
| 245 | 1 | 0 |
_aGalegos de Londres / _c[por] Carlos Durán. |
| 260 |
_aSada, Coruña : _bEdiciós do Castro, _cD.L. 1978. |
||
| 300 |
_a163 p ; _c19 cm. |
||
| 490 | 1 | _aNarrativa | |
| 830 | 0 |
_aNarrativa _9177839 |
|
| 852 |
_aES-MaACL _jL-19530 _bR.121282 |
||
| 999 |
_c12268 _d12268 |
||